000 00636nam a2200277Ia 4500
005 20260324150814.0
008 008 260324s9999 xx 000 0 eng d
020 _a9781003477105
037 _aEBOOK
040 _aCRL
040 _beng
040 _cCRL
041 _2eng
041 _aeng
084 _qCRL
100 _aAta Ullah
_9346683
245 4 _aThe Co-operative Movement in the Punjab
260 _bTaylor and Francis
260 _c1937
365 _a
365 _b230
856 _uhttp://www.taylorfrancis.com/books/9781003477105
942 _cEBOOK
999 _c1837786
_d1837786